000 00629nam a2200193Ia 4500
005 20250508163304.0
008 008 250505s9999 xx 000 0 eng d
037 _aDissertations
040 _aFEDL
_beng
_cFEDL
041 _aeng
_2eng
084 _a371.2, KAT/DI
_qFEDL
100 _aKatyal Indira
_9775053
245 0 _aStudy of difficulties faced by principals of Delhi Senior Secondary schools in relation to school personnel and scgool achivements
260 _c1987
300 _a68p.
546 _aM. Ed. Dissertation (Delhi University)
942 _cDIS
_h371.2, KAT/DI
999 _c1382062
_d1382062